Normal view MARC view

Entry Meeting Name

Number of records used in: 2

001 - CONTROL NUMBER

  • control field: 28251

003 - CONTROL NUMBER IDENTIFIER

  • control field: OSt

005 - DATE AND TIME OF LATEST TRANSACTION

  • control field: 20211105135140.0

008 - FIXED-LENGTH DATA ELEMENTS

  • fixed length control field: 211105|| aca||aabn | a|a d

040 ## - CATALOGING SOURCE

  • Original cataloging agency: OSt
  • Transcribing agency: OSt

111 ## - HEADING--MEETING NAME

  • Meeting name or jurisdiction name as entry element: Conference on Observed HR Diagrams and Stellar Evolution-the Interplay Between Observational Constraints and Theory
  • Location of meeting: Portugal
  • Date of meeting or treaty signing: 2001 June 18-22

670 ## - SOURCE DATA FOUND

  • Source citation: Work cat.: (OSt): Conference on Observed HR Diagrams and Stellar Evolution-the Interplay Between Observational Constraints and Theory Portugal 2001 June 18-22, Observed HR diagrams and stellar evolution-the interplay between observational constraints and theory, 2002

Powered by Koha